000 01226 a2200241 4500
003 Nust
005 20220726130828.0
010 _a 2012046844
020 _a9781466569768 (hardcover : acid-free paper)
035 _a17649489
040 _cNust
082 0 0 _a005.8,HAR
245 0 0 _aOfficial (ISC)2 Guide to the CISSP CBK /
_ceditors, Harold F. Tipton, Steven Hernandez.
250 _aThird edition.
300 _apages cm
505 _aAccess Control (Page-4), Telecommunications & Networks Security (Page-271), Information security Governance & Risk Management (Page-467), Software Development Security (Page-614), Cryptography (Page-764), Security Architecture & Design (Page-902), Security Operations (Page-1014), Business Continuity Disaster Recovery Planning (Page-1056), Legal, Regulations , investigations, and Compliance (Page-1168), Physical (Environmental) Security (Page-1256), Answer to Review Questions (Page-1371).
650 0 _aComputer networks
_xExaminations
_994252
650 0 _aComputer security
_xExaminations
_995207
650 0 _aElectronic data processing personnel
_xCertification.
_981704
700 1 _aHernandez, Steven.
_995208
700 1 _aTipton, Harold F.
_995209
942 _2ddc
_cREF
999 _c215438
_d215438